000
00280nam a2200121Ia 4500
008
190216s9999||||xx |||||||||||||| ||und||
100
_a
Pillai R S N&Amp; Bagavathi
245
0
_a
Practical Accounting
260
_b
S Chand & Co
300
_a
470
650
_a
Commerce
942
_c
BK
999
_c
7410
_d
7410